000 00476nam a2200133 a 4500
008 120416s1921 ||||||||||||||||| || u
050 _aBF 139 Ogd
100 _aOgden, Robert Morris
245 1 3 _aAn introduction to general psychology
260 _aNew York
_bLongmans
_c1921
300 _axiv, 270p.
350 _a0.00
995 _D0.00
_FCBU-MAIN LIBRARY (Kitwe)
_H1
_I0.00
_M1
_UAVAILABLE
_ZMain Library Open Access Collection
999 _c47771
_d47771